[Event "Titled Tuesday intern op 23rd Feb"]
[Site "Chess.com INT"]
[Date "2021.02.23"]
[Round "10"]
[White "Hansen, Eric"]
[Black "Manafov, Vugar Gulam"]
[Result "1-0"]
[WhiteElo "2606"]
[BlackElo "2236"]
[PlyCount "47"]
[GameId "1621287636930560"]
[EventDate "2021.02.23"]
[EventType "swiss (blitz)"]
[EventRounds "11"]
[EventCountry "USA"]
[SourceTitle "CBM 200 Extra"]
[Source "ChessBase"]
[SourceDate "2021.03.31"]
[SourceVersion "1"]
[SourceVersionDate "2021.03.31"]
[SourceQuality "1"]

1. e4 Nf6 2. e5 Nd5 3. c4 Nb6 4. d4 d6 5. exd6 cxd6 6. Nc3 g6 7. Be3 Bg7 8. Rc1 O-O 9. b3 Bf5 10. Be2 d5 11. Nf3 Nc6 12. O-O Rc8 13. c5 Nd7 14. Nxd5 e5 15. Bg5 f6 16. Bh4 e4 17. Ne1 Ndb8 18. Nc2 g5 19. Bg3 Be6 20. Nde3 Ne7 21. Bd6 f5 22. d5 Bf7 23. Bxe7 Qxe7 24. Nxf5 1-0

[Event "Titled Tuesday intern op 09th Mar"]
[Site "Chess.com INT"]
[Date "2021.03.09"]
[Round "8"]
[White "Hansen, Eric"]
[Black "Sarana, Alexey"]
[Result "1-0"]
[WhiteElo "2606"]
[BlackElo "2649"]
[PlyCount "115"]
[GameId "1626416132657152"]
[EventDate "2021.03.09"]
[EventType "swiss (blitz)"]
[EventRounds "11"]
[EventCountry "USA"]
[SourceTitle "CBM 201 Extra"]
[Source "ChessBase"]
[SourceDate "2021.05.31"]
[SourceVersion "1"]
[SourceVersionDate "2021.05.31"]
[SourceQuality "1"]

1. e4 c5 2. Nf3 d6 3. Bb5+ Nd7 4. c3 Ngf6 5. Qe2 e6 6. O-O a6 7. Ba4 b5 8. Bc2 c4 9. b3 cxb3 10. axb3 Bb7 11. d4 Be7 12. Re1 Qc7 13. Bd3 O-O 14. Bb2 e5 15. Nbd2 Nh5 16. Qe3 Nf4 17. Bf1 Ne6 18. g3 Bf6 19. b4 h6 20. Rac1 exd4 21. cxd4 Qb6 22. Nb3 Rad8 23. Qd2 Rfe8 24. h4 Nef8 25. d5 Bxb2 26. Qxb2 Ng6 27. Qd4 Nge5 28. Nfd2 Rc8 29. f4 Ng4 30. Qxb6 Nxb6 31. Bh3 h5 32. Bxg4 hxg4 33. f5 Kf8 34. Kf2 Nd7 35. Na5 Ba8 36. Nab3 Ne5 37. Rxc8 Rxc8 38. Ke2 Rc3 39. Rc1 Rxg3 40. Rc8+ Ke7 41. Rxa8 Rh3 42. Nd4 Rh2+ 43. Ke3 g3 44. Nc6+ Kf6 45. Nxe5 Kxe5 46. Nf3+ Kf6 47. Rxa6 Rb2 48. Rxd6+ Ke7 49. Rc6 g2 50. Rc1 Rxb4 51. e5 Rg4 52. d6+ Kd7 53. Rc7+ Ke8 54. Kf2 b4 55. Rb7 Rf4 56. e6 Rxf3+ 57. Kxf3 g1=Q 58. Rb8# 1-0

[Event "Titled Tuesday intern op 06th Apr"]
[Site "Chess.com INT"]
[Date "2021.04.06"]
[Round "4"]
[White "Hansen, Eric"]
[Black "Solon, Nathan"]
[Result "0-1"]
[WhiteElo "2606"]
[BlackElo "2306"]
[PlyCount "88"]
[GameId "1636451099512832"]
[EventDate "2021.04.06"]
[EventType "swiss (blitz)"]
[EventRounds "11"]
[EventCountry "USA"]
[SourceTitle "CBM 201 Extra"]
[Source "ChessBase"]
[SourceDate "2021.05.31"]
[SourceVersion "1"]
[SourceVersionDate "2021.05.31"]
[SourceQuality "1"]

1. e4 c5 2. Nf3 d6 3. Bb5+ Nd7 4. c3 Ngf6 5. Qe2 a6 6. Ba4 b5 7. Bc2 Bb7 8. d4 g6 9. O-O Bg7 10. e5 dxe5 11. dxe5 Nd5 12. e6 fxe6 13. Ng5 Nf8 14. Rd1 Qb6 15. a4 h6 16. Nf3 O-O-O 17. axb5 axb5 18. Na3 c4 19. Nd4 Bc6 20. Nxc4 bxc4 21. Qxc4 Bxd4 22. Rxd4 Kb7 23. Bd3 Nd7 24. Ra6 Qc7 25. Qa2 Ra8 26. Qb3+ N7b6 27. Rxa8 Rxa8 28. Qd1 Ra1 29. h3 e5 30. Rh4 Nf4 31. Bf1 Be4 32. c4 Qc6 33. Rg4 g5 34. Qd2 Nxc4 35. Qb4+ Nb6 36. Qxe7+ Qd7 37. Qxd7+ Nxd7 38. Bxf4 exf4 39. Kh2 Rxf1 40. h4 Rxf2 41. hxg5 Ne5 42. gxh6 Nxg4+ 43. Kh3 Nxh6 44. Kh4 Rxg2 0-1

[Event "Titled Tuesday intern op 18th May"]
[Site "Chess.com INT"]
[Date "2021.05.18"]
[Round "4"]
[White "Florescu, Codrut Constantin"]
[Black "Hansen, Eric"]
[Result "0-1"]
[WhiteElo "2293"]
[BlackElo "2606"]
[PlyCount "96"]
[GameId "1651696442191872"]
[EventDate "2021.05.18"]
[EventType "swiss (blitz)"]
[EventRounds "11"]
[EventCountry "USA"]
[SourceTitle "CBM 202 Extra"]
[Source "ChessBase"]
[SourceDate "2021.07.31"]
[SourceVersion "1"]
[SourceVersionDate "2021.07.31"]
[SourceQuality "1"]

1. d4 Nf6 2. Nf3 g6 3. Bg5 Bg7 4. Nbd2 d6 5. c3 O-O 6. e4 Qe8 7. h3 e5 8. dxe5 dxe5 9. Bc4 Nh5 10. Be3 Qe7 11. O-O Nd7 12. b4 Nf4 13. Re1 a5 14. a3 Qf6 15. Bf1 b6 16. g3 Ne6 17. Bg2 Bb7 18. Qc2 Rfd8 19. h4 h6 20. Nf1 c5 21. b5 c4 22. a4 Ndc5 23. N1d2 Rac8 24. Rad1 Bf8 25. Nh2 Nd3 26. Bxb6 Nxe1 27. Rxe1 Bc5 28. Bxc5 Nxc5 29. Nxc4 Nd3 30. Re3 Rxc4 31. Rxd3 Rxd3 32. Qxd3 Rxa4 33. Ng4 Qe6 34. Qd8+ Kg7 35. Nxh6 Qf6 36. Qg8+ Kxh6 37. g4 Ra1+ 38. Bf1 Qxh4 39. Qh8+ Kg5 40. Qd8+ f6 41. Qd2+ Kxg4 42. f3+ Kh5 43. Kg2 Qg5+ 44. Qxg5+ Kxg5 45. Be2 Rc1 46. Kf2 Rxc3 47. Kg3 a4 48. b6 a3 0-1

[Event "Titled Tuesday intern op 01st June"]
[Site "Chess.com INT"]
[Date "2021.06.01"]
[Round "6"]
[White "Hansen, Eric"]
[Black "Molina, Roberto Junio Brito"]
[Result "1-0"]
[WhiteElo "2606"]
[BlackElo "2434"]
[PlyCount "84"]
[GameId "1656780055437312"]
[EventDate "2021.06.01"]
[EventType "swiss (blitz)"]
[EventRounds "11"]
[EventCountry "USA"]
[SourceTitle "CBM 202 Extra"]
[Source "ChessBase"]
[SourceDate "2021.07.31"]
[SourceVersion "1"]
[SourceVersionDate "2021.07.31"]
[SourceQuality "1"]

1. e4 c6 2. Nf3 d5 3. d3 Bg4 4. h3 Bxf3 5. Qxf3 e6 6. g3 Nf6 7. Bg2 Nbd7 8. O-O Be7 9. Re1 O-O 10. Nd2 Qc7 11. Qe2 Bd6 12. f4 dxe4 13. dxe4 e5 14. f5 Nb6 15. g4 Nfd7 16. g5 Rfd8 17. Qg4 a5 18. Nf3 a4 19. a3 g6 20. h4 Nc4 21. Bf1 b5 22. h5 Nf8 23. hxg6 fxg6 24. Bd3 Bc5+ 25. Kg2 Rd7 26. Qg3 Re8 27. Nh2 gxf5 28. exf5 e4 29. Qxc7 Rxc7 30. Bxc4+ bxc4 31. Ng4 Bd4 32. c3 Bh8 33. Bf4 Rd7 34. Re2 Rd5 35. Rae1 Kf7 36. Rxe4 Rxe4 37. Rxe4 Nd7 38. Nh6+ Kf8 39. f6 Nc5 40. Rxc4 Nd3 41. Be3 c5 42. Rxa4 Rd8 1-0

[Event "Titled Tuesday intern op 01st June"]
[Site "Chess.com INT"]
[Date "2021.06.01"]
[Round "11"]
[White "Hansen, Eric"]
[Black "Korchmar, Vasiliy"]
[Result "1-0"]
[WhiteElo "2606"]
[BlackElo "2450"]
[PlyCount "41"]
[GameId "1656780059111424"]
[EventDate "2021.06.01"]
[EventType "swiss (blitz)"]
[EventRounds "11"]
[EventCountry "USA"]
[SourceTitle "CBM 202 Extra"]
[Source "ChessBase"]
[SourceDate "2021.07.31"]
[SourceVersion "1"]
[SourceVersionDate "2021.07.31"]
[SourceQuality "1"]

1. e4 e5 2. Nf3 Nc6 3. Bb5 a6 4. Ba4 Nf6 5. O-O Be7 6. Re1 b5 7. Bb3 O-O 8. h3 Bb7 9. d3 d5 10. exd5 Nxd5 11. a4 Bc5 12. Nbd2 Re8 13. Ne4 Bf8 14. Nfg5 f6 15. Qh5 fxg5 16. Nxg5 h6 17. Qf7+ Kh8 18. Bxd5 Bb4 19. Qg6 Qxg5 20. Bxg5 Bxe1 21. Rxe1 1-0

[Event "Titled Tuesday intern op 27th July"]
[Site "Chess.com INT"]
[Date "2021.07.27"]
[Round "5"]
[White "Provotorov, Ivan"]
[Black "Hansen, Eric"]
[Result "1/2-1/2"]
[WhiteElo "2321"]
[BlackElo "2606"]
[PlyCount "80"]
[GameId "1677087821008896"]
[EventDate "2021.07.27"]
[EventType "swiss (blitz)"]
[EventRounds "11"]
[EventCountry "USA"]
[SourceTitle "CBM 203 Extra"]
[Source "ChessBase"]
[SourceDate "2021.09.30"]
[SourceVersion "1"]
[SourceVersionDate "2021.09.30"]
[SourceQuality "1"]

1. c4 e5 2. Nc3 Nf6 3. Nf3 Nc6 4. e3 Bb4 5. Qc2 Bxc3 6. Qxc3 Qe7 7. d4 e4 8. Nd2 O-O 9. Be2 d5 10. O-O Rd8 11. b3 Bg4 12. Bxg4 Nxg4 13. h3 Nf6 14. a4 Qe6 15. b4 Ne7 16. cxd5 Rxd5 17. Qxc7 Rg5 18. f4 Rg6 19. Qxb7 Re8 20. Kh2 Nf5 21. d5 Nxd5 22. Nc4 Rxg2+ 23. Kxg2 Qg6+ 24. Kh1 Ng3+ 25. Kg2 Ne2+ 26. Kf2 Ndc3 27. Ke1 Rd8 28. Bd2 Qg3+ 29. Rf2 Qg1+ 30. Rf1 Qg3+ 31. Rf2 h5 32. Bxc3 Nxc3 33. Qc7 Qg1+ 34. Rf1 Qg3+ 35. Rf2 Rd3 36. Qc8+ Kh7 37. Qf5+ Kg8 38. Qc8+ Kh7 39. Qf5+ Kh8 40. Qc8+ Kh7 1/2-1/2

[Event "Titled Tuesday intern op 07th Sept"]
[Site "Chess.com INT"]
[Date "2021.09.07"]
[Round "2"]
[White "Hansen, Eric"]
[Black "Musovic, Armin"]
[Result "1-0"]
[WhiteElo "2606"]
[BlackElo "2338"]
[PlyCount "135"]
[GameId "1692343229997056"]
[EventDate "2021.09.07"]
[EventType "swiss (blitz)"]
[EventRounds "11"]
[EventCountry "USA"]
[SourceTitle "EXT 2022"]
[Source "ChessBase"]
[SourceDate "2021.10.06"]
[SourceVersion "1"]
[SourceVersionDate "2021.10.06"]
[SourceQuality "1"]

1. e4 c6 2. Nf3 g6 3. d4 Bg7 4. h3 d5 5. e5 c5 6. dxc5 Nc6 7. Bb5 e6 8. Bxc6+ bxc6 9. O-O Ne7 10. Re1 O-O 11. c3 a5 12. Bg5 Qc7 13. Nbd2 f6 14. Bxf6 Bxf6 15. exf6 Rxf6 16. Ne5 Ba6 17. Ng4 Rff8 18. Rxe6 Nf5 19. Nf3 Bc8 20. Rf6 Qe7 21. Rxc6 Bb7 22. Rb6 Rad8 23. Nd4 Bc8 24. Nxf5 Bxf5 25. Nh6+ Kg7 26. Nxf5+ Rxf5 27. Qd4+ Kh6 28. c6 Rdf8 29. Rb7 Qe2 30. Rf1 Rf4 31. Qg7+ Kg5 32. Qe7+ Qxe7 33. Rxe7 Rc4 34. c7 Rc8 35. Rxh7 R4xc7 36. Rxc7 Rxc7 37. Rd1 Rc5 38. b4 axb4 39. cxb4 Rb5 40. a4 Rxb4 41. Rxd5+ Kf6 42. a5 Rb1+ 43. Kh2 Ra1 44. Rb5 Kg7 45. h4 Ra3 46. f3 Ra4 47. Kh3 Ra2 48. g3 Ra4 49. f4 Ra2 50. h5 gxh5 51. Rxh5 Ra1 52. Kg4 Kg6 53. Rb5 Kf6 54. Rb6+ Ke7 55. a6 Kd7 56. Kg5 Kc8 57. g4 Kc7 58. Rh6 Kb8 59. f5 Ra5 60. Re6 Ka7 61. Kg6 Ra4 62. g5 Rf4 63. f6 Rf1 64. Kg7 Rf5 65. g6 Rf4 66. f7 Rf5 67. f8=Q Rxf8 68. Kxf8 1-0

[Event "Titled Tuesday intern op 07th Sept"]
[Site "Chess.com INT"]
[Date "2021.09.07"]
[Round "3"]
[White "Katz, Alexander R"]
[Black "Hansen, Eric"]
[Result "0-1"]
[WhiteElo "2396"]
[BlackElo "2606"]
[PlyCount "52"]
[GameId "1692343230820352"]
[EventDate "2021.09.07"]
[EventType "swiss (blitz)"]
[EventRounds "11"]
[EventCountry "USA"]
[SourceTitle "EXT 2022"]
[Source "ChessBase"]
[SourceDate "2021.10.06"]
[SourceVersion "1"]
[SourceVersionDate "2021.10.06"]
[SourceQuality "1"]

1. g3 d5 2. Bg2 e5 3. d4 exd4 4. Qxd4 Nf6 5. Bg5 Be7 6. Nc3 c6 7. O-O-O Qb6 8. Nf3 Qxd4 9. Nxd4 h6 10. Bf4 O-O 11. e4 dxe4 12. Nxe4 Nxe4 13. Bxe4 Na6 14. Rhe1 Bf6 15. c3 Nc5 16. Bd6 Nxe4 17. Bxf8 Nxf2 18. Rd2 Bg5 19. Re8 Nd3+ 20. Kc2 Ne1+ 21. Kd1 Bg4+ 22. Ree2 Bxd2 23. Kxd2 Bxe2 24. Bd6 Nf3+ 25. Kxe2 Nxd4+ 26. cxd4 Rd8 0-1

[Event "Titled Tuesday intern op 07th Sept"]
[Site "Chess.com INT"]
[Date "2021.09.07"]
[Round "7"]
[White "Tristan, Leonardo"]
[Black "Hansen, Eric"]
[Result "0-1"]
[WhiteElo "2535"]
[BlackElo "2606"]
[PlyCount "80"]
[GameId "1692343234326528"]
[EventDate "2021.09.07"]
[EventType "swiss (blitz)"]
[EventRounds "11"]
[EventCountry "USA"]
[SourceTitle "EXT 2022"]
[Source "ChessBase"]
[SourceDate "2021.10.06"]
[SourceVersion "1"]
[SourceVersionDate "2021.10.06"]
[SourceQuality "1"]

1. d4 Nf6 2. Nf3 g6 3. Bf4 Bg7 4. e3 O-O 5. Be2 c5 6. O-O d6 7. c3 Qb6 8. Nbd2 Bf5 9. Nc4 Qc7 10. a4 h6 11. h3 Nbd7 12. Bh2 Rac8 13. Nfd2 Ne4 14. f3 Nxd2 15. Nxd2 Be6 16. Kh1 Qb6 17. Qb1 a6 18. a5 Qc7 19. Bg1 Nf6 20. Bd3 Qd7 21. Qe1 cxd4 22. exd4 Nd5 23. Bh2 Bf5 24. Ne4 Rfe8 25. g4 Be6 26. f4 Nf6 27. Kg1 Bd5 28. Nd2 Bc6 29. Bg3 e5 30. fxe5 dxe5 31. Bxe5 Nxg4 32. Bc4 Nxe5 33. dxe5 Qxh3 34. Bxf7+ Kh8 35. Ne4 Qg4+ 36. Qg3 Qxe4 37. Bxg6 Qxe5 38. Qxe5 Rxe5 39. Rad1 Rg5+ 40. Kf2 Rxg6 0-1

[Event "Titled Tuesday intern op 07th Sept"]
[Site "Chess.com INT"]
[Date "2021.09.07"]
[Round "8"]
[White "Hansen, Eric"]
[Black "Kezin, Roman"]
[Result "1-0"]
[WhiteElo "2606"]
[BlackElo "2492"]
[PlyCount "67"]
[GameId "1692343234977792"]
[EventDate "2021.09.07"]
[EventType "swiss (blitz)"]
[EventRounds "11"]
[EventCountry "USA"]
[SourceTitle "EXT 2022"]
[Source "ChessBase"]
[SourceDate "2021.10.06"]
[SourceVersion "1"]
[SourceVersionDate "2021.10.06"]
[SourceQuality "1"]

1. e4 c5 2. Nf3 e6 3. d4 cxd4 4. Nxd4 Nc6 5. Nc3 Qc7 6. Be3 a6 7. Qd2 Nf6 8. O-O-O b5 9. f3 Be7 10. g4 h6 11. h4 Ne5 12. Be2 Nc4 13. Bxc4 Qxc4 14. g5 b4 15. Nce2 Qxa2 16. Nb3 Nh5 17. gxh6 a5 18. hxg7 Rg8 19. Qd4 Ra6 20. e5 a4 21. Nc5 Rc6 22. Nd3 b3 23. Nc3 Qa1+ 24. Kd2 Qxd1+ 25. Rxd1 bxc2 26. Kxc2 Rxg7 27. Bg5 Bxg5 28. hxg5 Rxg5 29. Kb1 Rg2 30. Rg1 Rxg1+ 31. Qxg1 Ba6 32. Qg8+ Ke7 33. Qg5+ Kf8 34. Nb4 1-0

[Event "Titled Tuesday intern op 07th Sept"]
[Site "Chess.com INT"]
[Date "2021.09.07"]
[Round "9"]
[White "Sjugirov, Sanan"]
[Black "Hansen, Eric"]
[Result "1/2-1/2"]
[WhiteElo "2663"]
[BlackElo "2606"]
[PlyCount "157"]
[GameId "1692343235936256"]
[EventDate "2021.09.07"]
[EventType "swiss (blitz)"]
[EventRounds "11"]
[EventCountry "USA"]
[SourceTitle "EXT 2022"]
[Source "ChessBase"]
[SourceDate "2021.10.06"]
[SourceVersion "1"]
[SourceVersionDate "2021.10.06"]
[SourceQuality "1"]

1. e4 c5 2. Nf3 e6 3. d3 d5 4. Qe2 Nc6 5. g3 g6 6. Bg2 Bg7 7. h4 h6 8. O-O Nge7 9. e5 O-O 10. Bf4 b5 11. Re1 b4 12. Nbd2 Nf5 13. Nf1 f6 14. c3 bxc3 15. bxc3 g5 16. exf6 gxf4 17. fxg7 Nxg7 18. Ne5 Nxe5 19. Qxe5 Qf6 20. Qxf6 Rxf6 21. Nh2 fxg3 22. fxg3 Nf5 23. Rf1 Kg7 24. Rf3 Rg6 25. Nf1 Rb8 26. Re1 Rb2 27. Rf2 Rb6 28. Kh2 Ra6 29. Bh3 Nd6 30. Ne3 h5 31. Ng2 Rf6 32. Nf4 Kh6 33. Rfe2 Nb5 34. Rc1 d4 35. cxd4 Nxd4 36. Re3 Rxa2+ 37. Kg1 Ra5 38. Bg2 Bd7 39. Re5 Rf5 40. Rxf5 exf5 41. Re1 Ra2 42. Re7 Bb5 43. Bd5 Ra1+ 44. Kf2 Ba4 45. Re8 Bc6 46. Rh8+ Kg7 47. Rc8 Bxd5 48. Nxd5 Ra2+ 49. Kf1 Ra1+ 50. Kf2 Ne6 51. Re8 Ra2+ 52. Ke3 Nd4 53. Kf4 Ra3 54. Kg5 Rxd3 55. Re7+ Kf8 56. Rxa7 Nc6 57. Ra8+ Kf7 58. Nf4 Rxg3+ 59. Kxf5 Ne7+ 60. Ke4 Rg4 61. Ra7 Rxh4 62. Kf3 Ke8 63. Rxe7+ Kxe7 64. Ng6+ Kf6 65. Nxh4 Ke5 66. Ke3 c4 67. Nf3+ Kf5 68. Kd2 Kf4 69. Nh4 Kg4 70. Ng6 Kg5 71. Ne5 Kf4 72. Ng6+ Kg5 73. Ne5 Kf5 74. Nf3 Kf4 75. Nh4 Kg4 76. Ng6 Kg3 77. Kc3 h4 78. Nxh4 Kxh4 79. Kxc4 1/2-1/2

[Event "Titled Tuesday intern op 07th Sept"]
[Site "Chess.com INT"]
[Date "2021.09.07"]
[Round "10"]
[White "Sviridov, Valery"]
[Black "Hansen, Eric"]
[Result "1-0"]
[WhiteElo "2562"]
[BlackElo "2606"]
[PlyCount "131"]
[GameId "1692343236538368"]
[EventDate "2021.09.07"]
[EventType "swiss (blitz)"]
[EventRounds "11"]
[EventCountry "USA"]
[SourceTitle "EXT 2022"]
[Source "ChessBase"]
[SourceDate "2021.10.06"]
[SourceVersion "1"]
[SourceVersionDate "2021.10.06"]
[SourceQuality "1"]

1. g3 d5 2. Bg2 e5 3. Nf3 e4 4. Nd4 Bc5 5. Nb3 Bb6 6. d3 Nf6 7. O-O exd3 8. cxd3 O-O 9. Nc3 c6 10. e4 Bg4 11. Qc2 Na6 12. a3 h6 13. h3 Be6 14. Na4 Qd7 15. Kh2 dxe4 16. dxe4 Rfd8 17. Nbc5 Nxc5 18. Nxc5 Bxc5 19. Qxc5 Qd3 20. Be3 Qb3 21. Qb4 a5 22. Qxb3 Bxb3 23. Rac1 a4 24. Rfe1 Nd7 25. f4 Nf6 26. e5 Nd5 27. Bc5 Nc7 28. Re2 Nb5 29. Bb6 Rd7 30. g4 Ra6 31. Bc5 Nd4 32. Rf2 Ne6 33. Bd6 Ra5 34. f5 Nc7 35. Re2 Rb5 36. Kg3 Bd5 37. Bf1 Rb3+ 38. Rc3 Rxc3+ 39. bxc3 Nb5 40. Bb4 c5 41. e6 fxe6 42. fxe6 Rd8 43. e7 Re8 44. Bxc5 Nxc3 45. Re3 Ne4+ 46. Rxe4 Bxe4 47. Bc4+ Kh7 48. Bf7 Bc6 49. Kf4 Rc8 50. Ke5 Be8 51. Bxe8 Rxe8 52. Ke6 Kg8 53. h4 b5 54. g5 hxg5 55. hxg5 g6 56. Bd4 Rc8 57. Bc5 Re8 58. Bb4 Ra8 59. Bc5 Rb8 60. Bb4 Ra8 61. Bd6 Kh7 62. Kf7 b4 63. Bxb4 Ra7 64. Kf8 Ra8+ 65. e8=Q Rxe8+ 66. Kxe8 1-0

[Event "Titled Tuesday intern op 14th Sept"]
[Site "Chess.com INT"]
[Date "2021.09.14"]
[Round "1"]
[White "Urquhart, Eddie"]
[Black "Hansen, Eric"]
[Result "0-1"]
[WhiteElo "2209"]
[BlackElo "2606"]
[PlyCount "60"]
[GameId "1694855250214912"]
[EventDate "2021.09.14"]
[EventType "swiss (blitz)"]
[EventRounds "11"]
[EventCountry "USA"]
[SourceTitle "EXT 2022"]
[Source "ChessBase"]
[SourceDate "2021.10.06"]
[SourceVersion "1"]
[SourceVersionDate "2021.10.06"]
[SourceQuality "1"]

1. e4 c5 2. Nc3 Nc6 3. f4 g6 4. Nf3 Bg7 5. a3 e6 6. b4 b6 7. bxc5 bxc5 8. e5 d6 9. Bb5 Nge7 10. Ne4 dxe5 11. fxe5 O-O 12. Nf6+ Kh8 13. Bb2 Rb8 14. Bxc6 Rxb2 15. Be4 Ng8 16. Nxg8 Kxg8 17. O-O Bxe5 18. Nxe5 Qd4+ 19. Kh1 Qxe5 20. Bf3 Rd8 21. d3 c4 22. Re1 Qc3 23. Rc1 Ba6 24. Be2 Qxa3 25. Ra1 Ra2 26. Rxa2 Qxa2 27. Qc1 cxd3 28. cxd3 Bb7 29. Qg5 Qd5 30. Bf3 Qxg5 0-1

[Event "Speed Chess GP1"]
[Site "Chess.com INT"]
[Date "2021.09.18"]
[Round "1"]
[White "Hansen, Eric"]
[Black "Kretov, Evgenij"]
[Result "1-0"]
[WhiteElo "2606"]
[BlackElo "2274"]
[PlyCount "133"]
[GameId "1694855258083328"]
[EventDate "2021.09.18"]
[EventType "swiss (blitz)"]
[EventRounds "10"]
[EventCountry "USA"]
[SourceTitle "CBM 204 Extra"]
[Source "ChessBase"]
[SourceDate "2021.11.30"]
[SourceVersion "1"]
[SourceVersionDate "2021.11.30"]
[SourceQuality "1"]

1. Nf3 c5 2. g3 b6 3. Bg2 Bb7 4. O-O Nf6 5. c4 e6 6. d4 cxd4 7. Qxd4 d6 8. Rd1 a6 9. Nc3 Nbd7 10. b3 Qc7 11. Ba3 Nc5 12. h3 Be7 13. Rac1 O-O 14. Qe3 Rac8 15. g4 Rfd8 16. Bb2 Qb8 17. Nd4 Bxg2 18. Kxg2 Qb7+ 19. Qf3 Nfe4 20. Nxe4 Nxe4 21. e3 Bf6 22. Ba1 h6 23. Ne2 Bxa1 24. Rxa1 b5 25. cxb5 axb5 26. Ng3 Nc5 27. Qxb7 Nxb7 28. Rac1 Ra8 29. Rc7 Nc5 30. Rd2 b4 31. e4 Kf8 32. e5 Na6 33. Rc6 d5 34. Ne2 Ke7 35. Nd4 Rdc8 36. Rdc2 Rxc6 37. Rxc6 Kd7 38. Rd6+ Ke8 39. Rc6 Kd7 40. f4 Nb8 41. Rc2 Ra6 42. Kf2 Nc6 43. Nf3 Ra7 44. Ke3 Rc7 45. f5 Ne7 46. Rxc7+ Kxc7 47. Nd4 Kd7 48. Kf4 Nc6 49. Nc2 Ke7 50. h4 f6 51. exf6+ gxf6 52. fxe6 Kxe6 53. h5 Kd6 54. Kf5 d4 55. Nxd4 Nxd4+ 56. Kxf6 Ne6 57. Kg6 Ke5 58. Kxh6 Kf6 59. Kh7 Kg5 60. Kg8 Nf4 61. Kf7 Ne2 62. Kg7 Nd4 63. h6 Ne6+ 64. Kf7 Nd8+ 65. Ke8 Nb7 66. h7 Nd6+ 67. Kf8 1-0

[Event "Speed Chess GP1"]
[Site "Chess.com INT"]
[Date "2021.09.18"]
[Round "4"]
[White "Lysyj, Igor"]
[Black "Hansen, Eric"]
[Result "1/2-1/2"]
[WhiteElo "2603"]
[BlackElo "2606"]
[PlyCount "111"]
[GameId "1694855258800128"]
[EventDate "2021.09.18"]
[EventType "swiss (blitz)"]
[EventRounds "10"]
[EventCountry "USA"]
[SourceTitle "CBM 204 Extra"]
[Source "ChessBase"]
[SourceDate "2021.11.30"]
[SourceVersion "1"]
[SourceVersionDate "2021.11.30"]
[SourceQuality "1"]

1. d4 Nf6 2. c4 g6 3. Nc3 d5 4. cxd5 Nxd5 5. Bd2 Bg7 6. e4 Nb6 7. Be3 O-O 8. Be2 e5 9. dxe5 Bxe5 10. Nf3 Bg7 11. O-O c6 12. Qc2 Qe7 13. Rad1 Bg4 14. Bd4 Bxf3 15. Bxf3 N8d7 16. Bxg7 Kxg7 17. g3 h5 18. Bg2 h4 19. f4 Nf6 20. Bf3 Rfd8 21. Qf2 hxg3 22. hxg3 Qb4 23. e5 Nh7 24. Ne4 Na4 25. Nd6 Rab8 26. Rd4 Qa5 27. Rfd1 c5 28. R4d2 Qb6 29. b3 Nc3 30. Rc1 Nb5 31. Qxc5 Nxd6 32. Qxb6 axb6 33. exd6 Rd7 34. Rc7 Rbd8 35. Rxb7 Rxd6 36. Rxd6 Rxd6 37. b4 Nf6 38. a4 Rd3 39. Kf2 Ra3 40. Rxb6 Rxa4 41. g4 Ra2+ 42. Kg3 Ra3 43. Rb7 Ne4+ 44. Kg2 Ra2+ 45. Kg1 Nc3 46. b5 Rb2 47. b6 Rb4 48. Rb8 Na4 49. b7 Nc5 50. f5 gxf5 51. gxf5 Kf6 52. Kf2 Kxf5 53. Rf8 Nxb7 54. Rxf7+ Ke6 55. Rxb7 Rxb7 56. Bxb7 1/2-1/2

[Event "Speed Chess GP1"]
[Site "Chess.com INT"]
[Date "2021.09.18"]
[Round "5"]
[White "Hansen, Eric"]
[Black "Izoria, Zviad"]
[Result "1/2-1/2"]
[WhiteElo "2606"]
[BlackElo "2602"]
[PlyCount "144"]
[GameId "1694855259082752"]
[EventDate "2021.09.18"]
[EventType "swiss (blitz)"]
[EventRounds "10"]
[EventCountry "USA"]
[SourceTitle "CBM 204 Extra"]
[Source "ChessBase"]
[SourceDate "2021.11.30"]
[SourceVersion "1"]
[SourceVersionDate "2021.11.30"]
[SourceQuality "1"]

1. Nf3 d5 2. g3 g6 3. Bg2 Bg7 4. O-O e5 5. d3 Ne7 6. e4 O-O 7. Re1 Nbc6 8. exd5 Nxd5 9. Nc3 Nde7 10. Rb1 a5 11. a3 a4 12. Be3 Nf5 13. Bg5 f6 14. Bd2 Be6 15. Ne4 b6 16. Bc3 Qd7 17. Qe2 Rae8 18. Rbd1 Ncd4 19. Nxd4 Nxd4 20. Bxd4 Qxd4 21. Nc3 f5 22. Bc6 Bd7 23. Qf3 Rf6 24. Bxd7 Qxd7 25. Qd5+ Qxd5 26. Nxd5 Rf7 27. Nc3 Ra8 28. Nb5 Rd7 29. Kf1 c6 30. Nc3 b5 31. Re2 Rad8 32. Rde1 Kf7 33. h4 Rd4 34. Nb1 R4d7 35. Kg2 Bf6 36. Re3 h5 37. R3e2 Rd4 38. Kf3 R8d7 39. Kg2 b4 40. Nd2 bxa3 41. bxa3 e4 42. Nc4 exd3 43. cxd3 Rxd3 44. Re6 Rc3 45. Nd6+ Rxd6 46. Rxd6 c5 47. Rd7+ Kf8 48. Re6 Bd4 49. Rxg6 Rc2 50. Ra7 Rxf2+ 51. Kh3 Ra2 52. Rb6 Re2 53. Rb8+ Re8 54. Rxe8+ Kxe8 55. Rxa4 Kd7 56. Kg2 Kc6 57. Kf3 Kb5 58. Ra8 Kc4 59. Kf4 Kd3 60. Kxf5 c4 61. Rc8 c3 62. Kg5 Bf2 63. g4 hxg4 64. Kxg4 c2 65. a4 Bd4 66. Rxc2 Kxc2 67. h5 Kb3 68. a5 Kb4 69. a6 Kb5 70. h6 Kxa6 71. h7 Kb5 72. h8=Q Bxh8 1/2-1/2

[Event "Speed Chess GP1"]
[Site "Chess.com INT"]
[Date "2021.09.18"]
[Round "6"]
[White "Meier, Georg"]
[Black "Hansen, Eric"]
[Result "1/2-1/2"]
[WhiteElo "2628"]
[BlackElo "2606"]
[PlyCount "89"]
[GameId "1694855259291648"]
[EventDate "2021.09.18"]
[EventType "swiss (blitz)"]
[EventRounds "10"]
[EventCountry "USA"]
[SourceTitle "CBM 204 Extra"]
[Source "ChessBase"]
[SourceDate "2021.11.30"]
[SourceVersion "1"]
[SourceVersionDate "2021.11.30"]
[SourceQuality "1"]

1. Nf3 Nf6 2. g3 g6 3. Bg2 Bg7 4. O-O O-O 5. d4 d5 6. c4 dxc4 7. Na3 c3 8. bxc3 c5 9. Bb2 Nc6 10. Re1 Bf5 11. d5 Na5 12. c4 a6 13. Rc1 b5 14. Nd2 b4 15. Nc2 Bxc2 16. Qxc2 Qc7 17. e4 Nd7 18. f4 Bxb2 19. Qxb2 Nb6 20. e5 Na4 21. Qc2 Nc3 22. Ne4 Nxe4 23. Bxe4 Rab8 24. Re3 Rb6 25. Rce1 b3 26. axb3 Rfb8 27. d6 exd6 28. e6 fxe6 29. Bxg6 Nxb3 30. Rxe6 Nd4 31. Qe4 Nxe6 32. Qxe6+ Kg7 33. Be4 Qf7 34. Qg4+ Kh8 35. Bd5 Qg7 36. Qe6 Rb1 37. Rxb1 Rxb1+ 38. Kg2 Rb2+ 39. Kh3 Qf8 40. g4 Rb3+ 41. Kg2 Rb2+ 42. Kg3 Rb3+ 43. Kg2 Rb2+ 44. Kg3 Rb3+ 45. Kg2 1/2-1/2